000 02307nam a2200433 c 4500
003 BLK
005 20221126131658.0
008 180409b bul|||||r ||||||| ||bul||
010 _aKNG00148693000
020 _a978-954-9886-91-7
_bиздат.: Паритет
040 _aBLK
041 _aBUL
_cBUL
072 7 _2bullib
_aН61
_xМедицина Н
072 7 _2bullib
_aЛ0101
_xБилколечение. Природолечение. Народна медицина
080 _aЛекарствени средства от растителен произход. Подразделя се със знак за отношение :582; :633/635; :665.3
_b615.322
_x(02.062)
_z615.322(02.062)
080 _aЕтеричномаслени растения. Ароматни, оцветителни, дъбилни, лекарствени растения
_b633.8
_x(02.062)
_z633.8(02.062)
100 1 _aАндреева, Юлия Игоревна
_eпърви автор
_9327679
700 1 _aВълков, Детелин Момчилов
_eпрев. от рус.
_9370610
139 _aАндреева, Юлия Игоревна
_bА 66
245 1 0 _aЛечебни масла
_bЗехтин, слънчогледово олио, царевично, ленено, елхово и други масла
_cЮлия Игоревна Андреева; прев. от рус. Детелин Момчилов Вълков.
257 _aRUS
260 София
_bПаритет
_c2011
_fСофия : Анториери
300 _a124 с.
_bс табл.
_c20 см
380 _a61
500 _aОриг. загл. Лечебные масла / Юлия Андреева. - Съдържа Предметен указател по вида заболяване.
650 4 _aРастителни масла - приложение
_9270839
650 4 _aЕтерични масла - приложение
_9243514
653 _aрастителни масла
653 _aетерични масла
653 _aзехтин
653 _aприродолечение
659 _aЛ
659 _aН
852 _aЦб 264097
856 4 _qpdf
_u
856 4 _qpdf
_u
942 _cKNG
_n0
_03
944 _aCR
_c07.08.2013
_lф /
_kЛюдмила_Стоянова
944 _aED
_c23.04.2015
_lф /
_kЛюдмила_Стоянова
999 _c142598
_d142598